000 00303nam a2200121Ia 4500
008 151021s9999 xx 000 0 und d
020 _a440170370
245 _a_Player Piano Kurt Vonnegut
260 _aNewyork Dell 1952
300 _a295p.
650 _a_Novel
980 _a^d20130221 12:19:18^oanne
999 _c12890
_d12890